000 00976nam a2200325 a 4500
003 CO-BoRNBP
005 20241011105332.0
007 ta
008 160421s2015 ck gr 00010 spa d
020 _a9789584242075
040 _aCO-BoBLA
_bspa
_cCO-BoBLA
_erda
041 1 _aspa
_hpor
043 _as-bl---
082 0 4 _2Tercera
084 _aN COE3
100 1 _aCoelho, Paulo,
_d1947-
_942965
245 1 3 _aEl alquimista /
_cPaulo Coelho ; traducción de Montserrat Mira.
250 _aTercera edición
300 _a177 páginas ;
_c23 cm.
336 _2rdacontent
_atexto
_btxt
337 _2rdamedia
_asin mediación
_bn
338 _2rdacarrier
_avolumen
_bnc
534 _tO alquimista.
650 7 _aNovela brasileña.
_2BLAAUTO
_942966
650 7 _aÉxito
_v Novela.
_2BLAAUTO
_942967
650 7 _aLibre albedrio y determinismo
_vNovela.
_2BLAAUTO
_942968
700 1 _aMira, Montserrat,
_etraductor.
_942969
942 _2ddc
_cBKLIT
949 _an
_bn
999 _c38435
_d38435